Подробности
| 000 -МАРКЕР |
| контрольное поле |
02307nam0a22004091 4500 |
| 001 - ИДЕНТИФИКАТОР ЗАПИСИ |
| контрольное поле |
rc\937333 |
| 005 - ИДЕНТИФИКАТОР ВЕРСИИ |
| контрольное поле |
20260503053540.0 |
| 035 ## - ДРУГИЕ СИСТЕМНЫЕ НОМЕРА |
| Идентификатор записи |
(NLR Aleph) 006110088 |
| 100 ## - ДАННЫЕ ОБЩЕЙ ОБРАБОТКИ |
| Данные общей обработки |
20041129d1982 |||y0rusy50 ca |
| 101 0# - ЯЗЫК РЕСУРСА |
| Язык текста, звукозаписи и т.д. |
русский |
| 102 ## - СТРАНА ПУБЛИКАЦИИ ИЛИ ПРОИЗВОДСТВА |
| Страна публикации |
Российская Федерация |
| 105 ## - ПОЛЕ КОДИРОВАННЫХ ДАННЫХ: ТЕКСТОВЫЕ МАТЕРИАЛЫ, МОНОГРАФИЧЕСКИЕ |
| Кодированные данные о монографическом текстовом документе |
a ||||||||| |
| 200 1# - ЗАГЛАВИЕ И СВЕДЕНИЯ ОБ ОТВЕТСТВЕННОСТИ |
| Основное заглавие |
Судома-гора |
| Сведения, относящиеся к заглавию |
Повесть и рассказы |
| Первые сведения об ответственности |
Павел Васильев |
| Последующие сведения об ответственности |
[Худож. А. Гасников] |
| 210 ## - ПУБЛИКАЦИЯ, РАСПРОСТРАНЕНИЕ И ДР. |
| Место издания, распространения и т.д. |
Л. |
| Имя издателя, распространителя и т. д. |
Сов. писатель. Ленингр. отд-ние |
| Дата издания, распространения и т.д. |
1982 |
| 215 ## - ФИЗИЧЕСКАЯ ХАРАКТЕРИСТИКА |
| Специфическое обозначение материала и объем |
264 с. |
| Другие сведения о физической характеристике |
ил. |
| Размеры |
22 |
| 327 1# - ПРИМЕЧАНИЯ О СОДЕРЖАНИИ |
| Текст примечания |
Содерж.: От прямого и обратного: Повесть; Рассказы: Фокус-покус; Не надо!; По деревне шла и пела; Голова садовая; Над широкой рекой; Судома-гора; Такое простое средство; Колотый; Небольшая история; Письмо; Встреча; Днем осенним, ветреным |
| 464 #0 - АНАЛИТИЧЕСКИЙ УРОВЕНЬ |
| Встроенное поле |
2001#$aОт прямого и обратного |
| Заглавие |
От прямого и обратного |
| 464 #0 - АНАЛИТИЧЕСКИЙ УРОВЕНЬ |
| Встроенное поле |
2001#$aФокус-покус |
| Заглавие |
Фокус-покус |
| 464 #0 - АНАЛИТИЧЕСКИЙ УРОВЕНЬ |
| Встроенное поле |
2001#$aНе надо! |
| Заглавие |
Не надо! |
| 464 #0 - АНАЛИТИЧЕСКИЙ УРОВЕНЬ |
| Встроенное поле |
2001#$aПо деревне шла и пела |
| Заглавие |
По деревне шла и пела |
| 464 #0 - АНАЛИТИЧЕСКИЙ УРОВЕНЬ |
| Встроенное поле |
2001#$aГолова садовая |
| Заглавие |
Голова садовая |
| 464 #0 - АНАЛИТИЧЕСКИЙ УРОВЕНЬ |
| Встроенное поле |
2001#$aНад широкой рекой |
| Заглавие |
Над широкой рекой |
| 464 #0 - АНАЛИТИЧЕСКИЙ УРОВЕНЬ |
| Встроенное поле |
2001#$aСудома-гора |
| Заглавие |
Судома-гора |
| 464 #0 - АНАЛИТИЧЕСКИЙ УРОВЕНЬ |
| Встроенное поле |
2001#$aТакое простое средство |
| Заглавие |
Такое простое средство |
| 464 #0 - АНАЛИТИЧЕСКИЙ УРОВЕНЬ |
| Встроенное поле |
2001#$aКолотый |
| Заглавие |
Колотый |
| 464 #0 - АНАЛИТИЧЕСКИЙ УРОВЕНЬ |
| Встроенное поле |
2001#$aНебольшая история |
| Заглавие |
Небольшая история |
| 464 #0 - АНАЛИТИЧЕСКИЙ УРОВЕНЬ |
| Встроенное поле |
2001#$aПисьмо |
| Заглавие |
Письмо |
| 464 #0 - АНАЛИТИЧЕСКИЙ УРОВЕНЬ |
| Встроенное поле |
2001#$aВстреча |
| Заглавие |
Встреча |
| 464 #0 - АНАЛИТИЧЕСКИЙ УРОВЕНЬ |
| Встроенное поле |
2001#$aДнем осенним, ветреным |
| Заглавие |
Днем осенним, ветреным |
| 700 #1 - ИМЯ ЛИЦА - ПЕРВИЧНАЯ ОТВЕТСТВЕННОСТЬ |
| Начальный элемент ввода |
Васильев |
| Часть имени, кроме начального элемента ввода |
П. А. |
| Дополнения к именам, кроме дат |
писатель |
| Даты |
1929-1990 |
| Расширение инициалов личного имени |
Павел Александрович |
| Системный номер авторитетной/нормативной записи |
127942 |
| Идентификатор авторитетной/нормативной записи |
RU\NLR\AUTH\770127968 |
| 801 #0 - ИСТОЧНИК ЗАПИСИ |
| Страна |
Российская Федерация |
| Организация |
NLR |
| Правила каталогизации |
psbo |
| 801 #1 - ИСТОЧНИК ЗАПИСИ |
| Страна |
Российская Федерация |
| Организация |
ELAR |
| Источник данных |
rusmarc |
| 852 ## - МЕСТОНАХОЖДЕНИЕ И ШИФР ХРАНЕНИЯ |
| Идентификатор организации |
NLR |
| Шифр хранения (Call Number) |
82-3/4161 |
| 942 ## - ДОПОЛНИТЕЛЬНЫЕ ЭЛЕМЕНТЫ ЗАПИСИ (АБИС) |
| Тип экземпляра АБИС |
Книга |
| 980 ## - КОЛЛЕКЦИЯ |
| Название коллекции |
Национальная библиография |